[Event "British Columbia-ch U20"]
[Site "Richmond"]
[Date "2017.11.13"]
[Round "4.9"]
[White "Bremner, William"]
[Black "Sun, Elvin"]
[Result "1-0"]
[WhiteElo "1547"]
[BlackElo "1428"]
[PlyCount "99"]
[EventDate "2017.11.11"]
[EventType "swiss"]
[EventRounds "5"]
[EventCountry "CAN"]
[SourceTitle "EXT 2022"]
[Source "ChessBase"]
[SourceDate "2021.10.06"]
[SourceVersion "1"]
[SourceVersionDate "2021.10.06"]
[SourceQuality "1"]

1. Nf3 Nf6 2. c4 g6 3. Nc3 d5 4. cxd5 Nxd5 5. Qb3 Nb6 6. h4 Be6 7. Qd1 Bg7 8. h5 Bf6 9. d3 Nc6 10. hxg6 fxg6 11. g3 Qd7 12. Bg2 Nd5 13. Ne4 Rb8 14. Nxf6+ exf6 15. b3 0-0 16. Bb2 Rbe8 17. Rc1 Bg4 18. 0-0 Re6 19. Qd2 Rfe8 20. Rfe1 Ndb4 21. a3 Na6 22. b4 Nd8 23. Rc4 Rd6 24. Rd4 c6 25. Rxd6 Qxd6 26. Qc3 Bxf3 27. Bxf3 Kf7 28. Kg2 Ne6 29. Qxf6+ Kg8 30. Qh8+ Kf7 31. Qxh7+ Kf8 32. Bg4 Re7 33. Qh8+ Kf7 34. Rh1 Nf8 35. Rh7+ Ke8 36. Rxe7+ Kxe7 37. Qg7+ Ke8 38. Qxb7 Nc7 39. Qxa7 Qd5+ 40. Bf3 Qd6 41. Qe3+ Kd7 42. Bg4+ Kd8 43. Qg5+ Ke8 44. Qe5+ Qxe5 45. Bxe5 Nce6 46. a4 Ke7 47. Bxe6 Nxe6 48. a5 Nf8 49. a6 Nd7 50. Bd4 1-0

[Event "British Columbia-ch U20"]
[Site "Richmond"]
[Date "2017.11.12"]
[Round "3.7"]
[White "Sun, Elvin"]
[Black "Chung, Alec"]
[Result "0-1"]
[WhiteElo "1428"]
[BlackElo "1791"]
[PlyCount "142"]
[EventDate "2017.11.11"]
[EventType "swiss"]
[EventRounds "5"]
[EventCountry "CAN"]
[SourceTitle "EXT 2022"]
[Source "ChessBase"]
[SourceDate "2021.10.06"]
[SourceVersion "1"]
[SourceVersionDate "2021.10.06"]
[SourceQuality "1"]

1. e4 c5 2. Nf3 d6 3. Bb5+ Bd7 4. Bxd7+ Nxd7 5. c3 Ngf6 6. d3 g6 7. Be3 Ng4 8. Bd2 Bg7 9. h3 Nge5 10. Qe2 Qb6 11. Bc1 Rc8 12. 0-0 0-0 13. Nbd2 Qa6 14. c4 Nc6 15. a3 b5 16. Rb1 b4 17. Nb3 Rb8 18. Qc2 Na5 19. Nxa5 Qxa5 20. axb4 Qxb4 21. b3 Ne5 22. Nxe5 Bxe5 23. Bd2 Qb7 24. Bh6 Rfc8 25. Bg5 Rc6 26. Bd2 Rb6 27. b4 cxb4 28. Rb3 a5 29. Rfb1 Bd4 30. Qa2 Ra8 31. Kf1 Qc8 32. f3 Qb7 33. Ke2 Bc5 34. Qa4 Qc6 35. Qxc6 Rxc6 36. Be3 a4 37. R3b2 Bxe3 38. Kxe3 b3 39. Kd4 Ra5 40. Ra1 Kf8 41. Rxb3 axb3 42. Rxa5 Rb6 43. Ra1 b2 44. Rb1 Rb3 45. Ke3 Kg7 46. Kd2 Kf6 47. Kc2 Rb8 48. Rxb2 Rxb2+ 49. Kxb2 Ke5 50. g3 Kd4 51. Kc2 Ke3 52. Kc3 Kxf3 53. e5 f6 54. d4 fxe5 55. dxe5 dxe5 56. c5 e4 57. c6 e3 58. c7 e2 59. c8Q e1Q+ 60. Kd4 e5+ 61. Kd5 Qe4+ 62. Kd6 Qd4+ 63. Ke6 e4 64. Qf8+ Kg2 65. Qf4 Qb6+ 66. Kd5 Qb5+ 67. Kxe4 Qc4+ 68. Ke3 Qxf4+ 69. Kxf4 Kxh3 70. g4 Kh4 71. g5 Kh5 0-1